[Event "OLNN 2223 SF Schwerin - Preetzer TSV"]
[Site "?"]
[Date "2023.02.26"]
[Round "6.3"]
[White "Moeller, Dustin"]
[Black "Grahl, Arvid"]
[Result "1/2-1/2"]
[WhiteElo "2256"]
[BlackElo "2150"]
[PlyCount "142"]
[EventDate "2023.??.??"]

1. d4 Nf6 2. c4 g6 3. Nc3 Bg7 4. e4 d6 5. Be2 O-O 6. Nf3 e5 7. Be3 exd4 8. Nxd4 Re8 9. Qc2 Na6 10. Rd1 Nc5 11. f3 a5 12. O-O c6 13. Nxc6 bxc6 14. Bxc5 Bf8 15. Qd2 Re6 16. Rfe1 a4 17. Bf1 Qa5 18. Bd4 Bg7 19. Ne2 Qxd2 20. Rxd2 Ba6 21. Rdd1 Rb8 22. Nc3 Ra8 23. g3 Nd7 24. f4 Ree8 25. Bh3 Bc8 26. Bf2 Nf6 27. Bxc8 Rexc8 28. Re2 Rcb8 29. h3 Rb4 30. c5 dxc5 31. e5 Nd5 32. Nxd5 cxd5 33. Rxd5 Rab8 34. Rdd2 h5 35. Be3 a3 36. bxa3 Ra4 37. g4 hxg4 38. hxg4 Rxa3 39. Kg2 c4 40. Rc2 Rc8 41. f5 Bf8 42. Kf3 Ra5 43. Bd4 c3 44. Re3 gxf5 45. gxf5 f6 46. e6 Rxf5+ 47. Ke4 Rh5 48. Bxf6 Rc6 49. Kf4 Rc4+ 50. Re4 Bd6+ 51. Kg4 Rxe4+ 52. Kxh5 Rxe6 53. Bxc3 Kf7 54. Kg4 Re4+ 55. Kf3 Rc4 56. Ke3 Be5 57. Rf2+ Ke6 58. Bxe5 Kxe5 59. Kd3 Rh4 60. Rc2 Kd5 61. Ke3 Rh3+ 62. Kf4 Rh1 63. Kf3 Kd4 64. Rc8 Ra1 65. Ra8 Re1 66. Kf2 Re7 67. a4 Kc5 68. a5 Kb5 69. a6 Kb6 70. a7 Kb7 71. Rb8+ Kxa7 1/2-1/2

[Event "OLNN 2223 SF Schwerin - Preetzer TSV"]
[Site "?"]
[Date "2023.02.26"]
[Round "6.4"]
[White "Heinsohn, Wilfried"]
[Black "Schwarz, Frank"]
[Result "0-1"]
[WhiteElo "2112"]
[BlackElo "2225"]
[PlyCount "92"]
[EventDate "2023.??.??"]

1. e4 c5 2. Nc3 e6 3. Nf3 Nc6 4. d4 cxd4 5. Nxd4 Qc7 6. Be2 a6 7. Be3 Nf6 8. O-O Bb4 9. Nxc6 bxc6 10. Qd4 Bd6 11. f4 e5 12. Qd2 O-O 13. Rad1 Bb4 14. fxe5 Qxe5 15. Bd4 Bc5 16. Bxc5 Qxc5+ 17. Qd4 Qxd4+ 18. Rxd4 Re8 19. Bc4 Re5 20. Rd6 a5 21. Rf4 Kf8 22. h3 Ke7 23. Rd1 Rb8 24. b3 d6 25. Rf2 Be6 26. Bd3 Rb4 27. Rfd2 Rc5 28. Na4 Rg5 29. a3 Rd4 30. Kh2 Nxe4 31. Bxe4 Rxe4 32. Nc3 Re3 33. Ne2 Rd5 34. Nd4 Kd7 35. c4 Rc5 36. Nxe6 Rxe6 37. Rd4 Rce5 38. b4 axb4 39. axb4 Re4 40. b5 Rxd4 41. Rxd4 cxb5 42. cxb5 Kc7 43. Rd5 Re5 44. b6+ Kc6 45. b7 Re8 46. Rd2 Rb8 0-1

[Event "OLNN 2223 SF Schwerin - Preetzer TSV"]
[Site "?"]
[Date "2023.02.26"]
[Round "6.5"]
[White "Skibbe, Willi"]
[Black "Weyrich, Morten"]
[Result "1-0"]
[WhiteElo "2173"]
[BlackElo "2272"]
[PlyCount "141"]
[EventDate "2023.??.??"]

1. Nf3 d5 2. d4 Nf6 3. c4 e6 4. g3 Nbd7 5. Bg2 c6 6. O-O Be7 7. Qc2 O-O 8. Nbd2 b5 9. b3 Ba6 10. Re1 bxc4 11. bxc4 Bb4 12. Rb1 Rb8 13. Rxb4 Rxb4 14. Ba3 Qa5 15. Bxb4 Qxb4 16. Rb1 Qa5 17. e3 Rc8 18. c5 Re8 19. Bf1 Bxf1 20. Kxf1 e5 21. Rb3 exd4 22. exd4 h6 23. Qc3 Qa6+ 24. Qd3 Qa4 25. Kg2 Ne4 26. Ra3 Qd1 27. Rxa7 Ndf6 28. Qf1 Nxf2 29. Qxd1 Nxd1 30. Ne5 Nc3 31. Ndf3 Nb5 32. Ra4 g5 33. h3 Nh5 34. Rb4 f6 35. Nxc6 Re2+ 36. Kg1 Nc3 37. Rb8+ Kh7 38. Rb7+ Kh8 39. Nb4 Nxg3 40. c6 Nge4 41. c7 Nd6 42. Rb8+ Kg7 43. c8=Q Nxc8 44. Rxc8 Re3 45. Kg2 Re2+ 46. Kf1 Re3 47. Ng1 f5 48. Rc5 f4 49. Nxd5 Nxd5 50. Rxd5 Ra3 51. Re5 Kf6 52. Re2 Rd3 53. a4 Ra3 54. d5 h5 55. Re4 Rd3 56. a5 Ra3 57. Re6+ Kf5 58. Ne2 g4 59. Nd4+ Kg5 60. Re5+ Kf6 61. Rf5+ Kg6 62. hxg4 hxg4 63. d6 Ra1+ 64. Ke2 f3+ 65. Kf2 Ra2+ 66. Kg3 Rg2+ 67. Kh4 Rd2 68. Rf4 f2 69. Nb5 Rd5 70. Rxf2 Rxb5 71. a6 1-0

[Event "OLNN 2223 SF Schwerin - Preetzer TSV"]
[Site "?"]
[Date "2023.02.26"]
[Round "6.6"]
[White "Hornych, Christoph"]
[Black "Willsch, Matthias"]
[Result "1/2-1/2"]
[WhiteElo "2171"]
[BlackElo "2098"]
[PlyCount "99"]
[EventDate "2023.??.??"]

1. e4 e6 2. d4 d5 3. Nd2 Nc6 4. Ngf3 Nf6 5. e5 Nd7 6. c3 f6 7. exf6 Qxf6 8. Bb5 Bd6 9. Qe2 O-O 10. Nb3 e5 11. Bxc6 bxc6 12. dxe5 Nxe5 13. Nxe5 Bxe5 14. Be3 a5 15. O-O Ba6 16. Qc2 Bxf1 17. Rxf1 a4 18. Nd4 a3 19. b3 Rae8 20. Qd3 Qd6 21. g3 Qd7 22. Kg2 Kh8 23. Rd1 Rf6 24. Rd2 Qg4 25. h3 Qe4+ 26. Qxe4 dxe4 27. Rc2 h6 28. h4 Rd8 29. Bc1 Bxd4 30. cxd4 Rxd4 31. Bxa3 Re6 32. Bc5 Rd1 33. a4 Ra1 34. g4 Kg8 35. Rd2 Rg6 36. g5 Kf7 37. Rd7+ Ke6 38. Rxc7 Kd5 39. Be3 hxg5 40. hxg5 Rb1 41. Rd7+ Rd6 42. Rb7 c5 43. Rb5 Rc6 44. Kg3 g6 45. Kg2 Rc8 46. a5 Rc6 47. Kg3 Rg1+ 48. Kh2 Rb1 49. Kg3 Rg1+ 50. Kh2 1/2-1/2

[Event "OLNN 2223 SF Schwerin - Preetzer TSV"]
[Site "?"]
[Date "2023.02.26"]
[Round "6.7"]
[White "Schwarzat, Julian"]
[Black "Schulz, Karsten"]
[Result "0-1"]
[WhiteElo "2131"]
[BlackElo "2263"]
[PlyCount "182"]
[EventDate "2023.??.??"]

1. e4 d6 2. Bc4 Nf6 3. d3 c6 4. Bb3 d5 5. e5 Nfd7 6. f4 Nc5 7. h3 Nxb3 8. axb3 c5 9. Nf3 Nc6 10. Be3 e6 11. O-O Be7 12. Bf2 b6 13. Nc3 d4 14. Ne4 f5 15. exf6 gxf6 16. Nh2 O-O 17. Bh4 Kh8 18. Qh5 Bd7 19. Qh6 Rf7 20. Rae1 Qf8 21. Qxf8+ Raxf8 22. f5 exf5 23. Ng3 Nb4 24. Re2 Nd5 25. Nxf5 Bxf5 26. Rxf5 Ne3 27. Rf3 f5 28. Bxe7 Rxe7 29. Nf1 Nd5 30. Rxe7 Nxe7 31. Kf2 Kg7 32. Ng3 Kg6 33. Ne2 Kf6 34. c3 Ke5 35. Nf4 Ng6 36. g3 b5 37. h4 Rg8 38. Ne2 Ne7 39. Rf4 Nd5 40. Rf3 Ne3 41. Ke1 Rg6 42. Kd2 Nd5 43. b4 dxc3+ 44. Nxc3 Nxb4 45. Nxb5 Nd5 46. Nc3 Nc7 47. Re3+ Kd4 48. Rf3 Ke5 49. Re3+ Kf6 50. Rf3 Ne6 51. Nd5+ Ke5 52. Ne7 Rf6 53. Nc6+ Kd6 54. Na5 Nd4 55. Nc4+ Kc6 56. Rf4 h5 57. Ne5+ Kb5 58. Rf2 Kb4 59. Nf3 Nb3+ 60. Ke3 Rg6 61. Rg2 Rg4 62. Ne5 f4+ 63. Ke4 Rxg3 64. Rf2 Nd4 65. Kxf4 Rg8 66. Ke4 Re8 67. Kd5 Rd8+ 68. Ke4 Kb3 69. Nc4 Nc6 70. Rf5 Rd4+ 71. Ke3 Nb4 72. Na5+ Kxb2 73. Rxh5 Rxd3+ 74. Ke4 Rd4+ 75. Ke3 Nc2+ 76. Ke2 c4 77. Rh7 a6 78. h5 Rh4 79. h6 Nd4+ 80. Ke3 Nb3 81. Rb7 Kc3 82. Nxb3 cxb3 83. Rc7+ Kb2 84. h7 a5 85. Ra7 a4 86. Rxa4 Rxh7 87. Ra8 Rd7 88. Rc8 Kb1 89. Rb8 b2 90. Rb6 Ra7 91. Kd2 Ka1 0-1

[Event "OLNN 2223 SF Schwerin - Preetzer TSV"]
[Site "?"]
[Date "2023.02.26"]
[Round "6.8"]
[White "Rossmann, Helmut"]
[Black "Kornrumpf, Joachim"]
[Result "1/2-1/2"]
[WhiteElo "2246"]
[BlackElo "2069"]
[PlyCount "40"]
[EventDate "2023.??.??"]

1. e4 c5 2. Nf3 e6 3. d4 cxd4 4. Nxd4 a6 5. Bd3 Nf6 6. O-O Qc7 7. Qe2 d6 8. c4 g6 9. b3 Bg7 10. Bb2 O-O 11. Nc3 Nbd7 12. Kh1 b6 13. Rad1 Bb7 14. Bb1 Rad8 15. Nf3 Rfe8 16. h3 Qb8 17. Rfe1 Bc6 18. Nd4 Bb7 19. Nf3 Bc6 20. Nd4 Bb7 1/2-1/2

[Event "OLNN 2223 Hamburger SK III - Lübecker S"]
[Site "?"]
[Date "2023.02.26"]
[Round "6.1"]
[White "Kalinitschew, Sergey"]
[Black "Gaede, Derek"]
[Result "0-1"]
[WhiteElo "2390"]
[BlackElo "2288"]
[PlyCount "54"]
[EventDate "2023.??.??"]

1. Nf3 d5 2. c4 d4 3. b4 c5 4. Bb2 Nf6 5. g3 Qc7 6. Na3 Nc6 7. Nb5 Qd8 8. bxc5 e5 9. Qa4 Ne4 10. Nd6+ Nxd6 11. cxd6 Bxd6 12. Bg2 O-O 13. O-O Bg4 14. d3 Qd7 15. Rab1 Rfe8 16. Rfd1 Rab8 17. Ba3 Bxa3 18. Qxa3 h6 19. Rb5 e4 20. dxe4 Rxe4 21. Ne5 Rxe5 22. Bxc6 Qc7 23. Qxa7 Rxe2 24. Bd5 Rxa2 25. Qxa2 Bxd1 26. Qa1 Bg4 27. Qxd4 Bh3 0-1

[Event "OLNN 2223 Hamburger SK III - Lübecker S"]
[Site "?"]
[Date "2023.02.26"]
[Round "6.2"]
[White "Spiric, Igor"]
[Black "Kreuzholz, Michael"]
[Result "0-1"]
[WhiteElo "2270"]
[BlackElo "2315"]
[PlyCount "120"]
[EventDate "2023.??.??"]

1. d4 d5 2. c4 dxc4 3. Nf3 Nf6 4. Nc3 e6 5. e3 a6 6. a4 Bb4 7. Bxc4 O-O 8. O-O Nbd7 9. Qe2 c5 10. Rd1 Qa5 11. Bd2 Nb6 12. Bd3 Bd7 13. e4 cxd4 14. e5 dxc3 15. bxc3 Be7 16. c4 Qc5 17. exf6 Bxf6 18. Rab1 Nxa4 19. Bb4 Qh5 20. Bc2 Bc6 21. Bxa4 Bxa4 22. Bxf8 Bxd1 23. Qxd1 Rxf8 24. Rxb7 Qc5 25. Qa4 Rd8 26. h4 h6 27. Rd7 Rxd7 28. Qxd7 Qxc4 29. Qe8+ Kh7 30. Qxf7 Qc1+ 31. Kh2 Qf4+ 32. Kg1 Qf5 33. Qb7 a5 34. Qb3 Qe4 35. Nd2 Qe1+ 36. Nf1 Qe5 37. g3 Qd5 38. Qc2+ Qf5 39. Qc4 h5 40. Ne3 Qb1+ 41. Kh2 Qb6 42. Qe4+ g6 43. g4 Qd4 44. Qxe6 Qe5+ 45. Qxe5 Bxe5+ 46. Kh3 a4 47. Nc2 Kg7 48. gxh5 gxh5 49. Kg2 Kf6 50. Kf3 Kf5 51. Ne3+ Ke6 52. Nc4 Bf6 53. Ke4 Bxh4 54. f3 Bg5 55. f4 Bd8 56. Na3 Be7 57. Nc4 Bc5 58. f5+ Kf6 59. Ne5 Bb4 60. Nd3 Bd6 0-1

[Event "OLNN 2223 Hamburger SK III - Lübecker S"]
[Site "?"]
[Date "2023.02.26"]
[Round "6.3"]
[White "Schmidt, Harald"]
[Black "Pulkkinen, Kari"]
[Result "1-0"]
[WhiteElo "2346"]
[BlackElo "2195"]
[PlyCount "93"]
[EventDate "2023.??.??"]

1. c4 c5 2. Nf3 Nc6 3. d4 cxd4 4. Nxd4 g6 5. e4 Nf6 6. Nc3 d6 7. Be2 Nxd4 8. Qxd4 Bg7 9. Bg5 O-O 10. Rc1 Be6 11. Qd2 Qa5 12. O-O Rac8 13. Nd5 Qxd2 14. Nxe7+ Kh8 15. Bxd2 Rce8 16. Nd5 Nxe4 17. Be3 Bxd5 18. cxd5 Bxb2 19. Rb1 Bg7 20. Rxb7 Nc3 21. Ba6 Nxa2 22. Bg5 Re5 23. h4 h6 24. Be7 Rc8 25. Bxd6 Rxd5 26. Bg3 Rf5 27. Bd3 Rf6 28. Rxa7 Nc3 29. Kh2 Rd8 30. Bc4 Ne4 31. Bxf7 Nxg3 32. Kxg3 Rf8 33. Ba2 Rf4 34. f3 Be5 35. Kh3 g5 36. hxg5 hxg5 37. g3 Rxf3 38. Rxf3 Rxf3 39. Kg4 Rc3 40. Kf5 Bxg3 41. Kf6 Rc6+ 42. Be6 g4 43. Ra4 Bh4+ 44. Kf5 Rc5+ 45. Kg6 Bd8 46. Ra8 Rg5+ 47. Kh6 1-0

[Event "OLNN 2223 Hamburger SK III - Lübecker S"]
[Site "?"]
[Date "2023.02.26"]
[Round "6.4"]
[White "Kotyk, Michael"]
[Black "Bornholdt, Joa Max"]
[Result "1-0"]
[WhiteElo "2001"]
[BlackElo "2294"]
[PlyCount "51"]
[EventDate "2023.??.??"]

1. c4 e6 2. d4 Nf6 3. Nc3 d5 4. cxd5 exd5 5. Bg5 Be7 6. e3 O-O 7. Bd3 c6 8. h3 h6 9. Bf4 Bd6 10. Bxd6 Qxd6 11. Nf3 Be6 12. Qc2 Nbd7 13. O-O Rfe8 14. Rab1 a6 15. b4 b5 16. a4 Nb6 17. Ne5 Nc4 18. Bxc4 bxc4 19. b5 cxb5 20. axb5 Reb8 21. bxa6 Qxa6 22. e4 Rxb1 23. Rxb1 dxe4 24. Nxe4 Nxe4 25. Qxe4 Qd6 26. Qxa8+ 1-0

[Event "OLNN 2223 Hamburger SK III - Lübecker S"]
[Site "?"]
[Date "2023.02.26"]
[Round "6.5"]
[White "Christ, Ralf"]
[Black "Brinkmann, Fabian"]
[Result "1/2-1/2"]
[WhiteElo "2251"]
[BlackElo "2173"]
[PlyCount "91"]
[EventDate "2023.??.??"]

1. d4 Nf6 2. Nf3 d5 3. c4 e6 4. cxd5 exd5 5. Nc3 c6 6. Bg5 Be7 7. Qc2 O-O 8. e3 Ne4 9. Bxe7 Qxe7 10. Nxe4 dxe4 11. Nd2 Re8 12. Be2 Nd7 13. O-O Nf6 14. Qc5 Qxc5 15. dxc5 Be6 16. Rfd1 Red8 17. Rac1 Rd7 18. Nc4 Bxc4 19. Rxc4 Rad8 20. Rxd7 Rxd7 21. Kf1 Kf8 22. Ke1 Re7 23. Ra4 a6 24. Rd4 Nd7 25. b4 f5 26. h3 Nf6 27. Bc4 g6 28. Rd8+ Kg7 29. Kd2 Nd7 30. Kc3 a5 31. a3 axb4+ 32. axb4 Kf6 33. Kd4 g5 34. b5 h5 35. bxc6 bxc6 36. Ba6 Ne5 37. Rd6+ Re6 38. Bc8 Rxd6+ 39. cxd6 Nf7 40. Kc5 Ke5 41. f4+ gxf4 42. exf4+ Kxf4 43. Kxc6 h4 44. Ba6 Kg3 45. d7 f4 46. Kd5 1/2-1/2

[Event "OLNN 2223 Hamburger SK III - Lübecker S"]
[Site "?"]
[Date "2023.02.26"]
[Round "6.6"]
[White "Weihrauch, Jakob"]
[Black "Ehrke, Michael"]
[Result "1-0"]
[WhiteElo "2273"]
[BlackElo "2165"]
[PlyCount "49"]
[EventDate "2023.??.??"]

1. e4 c6 2. Nc3 d5 3. Nf3 dxe4 4. Nxe4 Nf6 5. Qe2 Nxe4 6. Qxe4 Qa5 7. Bc4 Bf5 8. Qf4 e6 9. O-O Nd7 10. Re1 O-O-O 11. Ng5 Bg6 12. Nxf7 Bxf7 13. Qxf7 Bc5 14. Qxe6 Rhf8 15. d4 Bxd4 16. Be3 Rde8 17. Qg4 Bxe3 18. fxe3 Qe5 19. Rad1 Re7 20. Rxd7 Rxd7 21. Be6 Rfd8 22. Rd1 Qxe3+ 23. Kh1 h5 24. Bxd7+ Kc7 25. Qxg7 1-0

[Event "OLNN 2223 Hamburger SK III - Lübecker S"]
[Site "?"]
[Date "2023.02.26"]
[Round "6.7"]
[White "Lampe, Dirk"]
[Black "Zieher, Hartmut"]
[Result "1-0"]
[WhiteElo "2134"]
[BlackElo "2138"]
[PlyCount "75"]
[EventDate "2023.??.??"]

1. e4 e5 2. Nf3 Nc6 3. Bb5 a6 4. Ba4 Nf6 5. O-O Be7 6. Re1 b5 7. Bb3 d6 8. c3 O-O 9. h3 Nb8 10. d4 Nbd7 11. Nbd2 Bb7 12. Bc2 Re8 13. Nf1 Bf8 14. Ng3 g6 15. Bd2 Bg7 16. Qc1 c5 17. d5 c4 18. b4 cxb3 19. axb3 Qc7 20. Qb2 Reb8 21. Rec1 Bc8 22. Be3 Kh8 23. Nd2 Ng8 24. b4 Bh6 25. Bxh6 Nxh6 26. Bd3 Nb6 27. c4 bxc4 28. Nxc4 Nxc4 29. Rxc4 Qd8 30. Rac1 Ng8 31. Kh2 Bd7 32. Rc7 Rb6 33. f4 f6 34. fxe5 dxe5 35. Qc3 Ne7 36. Qc5 Rab8 37. Ra1 Nc8 38. Rxd7 1-0

[Event "OLNN 2223 Hamburger SK III - Lübecker S"]
[Site "?"]
[Date "2023.02.26"]
[Round "6.8"]
[White "Schumacher, Norbert"]
[Black "Staeblein, Christoph"]
[Result "1/2-1/2"]
[WhiteElo "2132"]
[BlackElo "2025"]
[PlyCount "43"]
[EventDate "2023.??.??"]

1. d4 Nf6 2. c4 e6 3. Nf3 Bb4+ 4. Bd2 Qe7 5. a3 Bxd2+ 6. Nbxd2 d6 7. e3 O-O 8. Qc2 e5 9. d5 a5 10. h3 Nbd7 11. b3 Nc5 12. Be2 Bd7 13. O-O c6 14. dxc6 bxc6 15. Rfc1 g6 16. b4 axb4 17. axb4 Bf5 18. Qc3 Nce4 19. Nxe4 Nxe4 20. Qb2 Qb7 21. Bd3 Ng3 22. Bxf5 1/2-1/2

[Event "OLNN 2223 SV Bad Schwartau - FC St. Paul"]
[Site "?"]
[Date "2023.02.26"]
[Round "6.1"]
[White "Mueller, Fabian"]
[Black "Schmid, Thomas"]
[Result "1/2-1/2"]
[WhiteElo "2311"]
[BlackElo "2201"]
[PlyCount "144"]
[EventDate "2023.??.??"]

1. d4 Nf6 2. c4 c5 3. d5 b5 4. cxb5 a6 5. bxa6 g6 6. Nc3 Bg7 7. e4 O-O 8. Nf3 Qa5 9. Bd2 Bxa6 10. Bxa6 Qxa6 11. Qe2 e6 12. Qxa6 Nxa6 13. dxe6 fxe6 14. Ke2 d5 15. exd5 exd5 16. Rhc1 Nb4 17. Nd1 Nxa2 18. Rxc5 Nc3+ 19. Bxc3 Rxa1 20. Rc7 Nh5 21. Rxg7+ Nxg7 22. Ne3 Rd8 23. Ng4 Ne6 24. Nf6+ Kf7 25. Nxh7 d4 26. Bd2 Ra2 27. Nhg5+ Nxg5 28. Nxg5+ Ke7 29. b4 Rb8 30. Kd3 Rxd2+ 31. Kxd2 Rxb4 32. Kd3 Kd6 33. Ke4 Ra4 34. f4 Ra2 35. Kxd4 Rxg2 36. h3 Re2 37. Kd3 Re8 38. Kd4 Re1 39. Nf3 Rd1+ 40. Ke4 Ke6 41. Ng5+ Kf6 42. Nh7+ Kg7 43. Ng5 Rf1 44. Ke3 Ra1 45. Kf3 Ra3+ 46. Kg4 Rb3 47. Ne4 Rb4 48. Ng5 Ra4 49. Nf3 Kf6 50. Ng5 Ra1 51. Ne4+ Kg7 52. Ng5 Re1 53. Nf3 Ra1 54. Ng5 Rf1 55. Ne4 Rg1+ 56. Kf3 Kh6 57. Ng3 Ra1 58. Kg4 Ra4 59. h4 Ra5 60. Ne4 Kg7 61. Ng3 Kh6 62. Ne4 Ra1 63. Ng3 Rg1 64. Kh3 Rb1 65. Kg4 Rb5 66. Kf3 Kg7 67. Kg4 Rb4 68. h5 gxh5+ 69. Nxh5+ Kf7 70. Ng3 Kf6 71. Nh5+ Kg6 72. Ng3 Kf6 1/2-1/2

[Event "OLNN 2223 SV Bad Schwartau - FC St. Paul"]
[Site "?"]
[Date "2023.02.26"]
[Round "6.2"]
[White "Gressmann, Moritz"]
[Black "Voigt, Martin"]
[Result "0-1"]
[WhiteElo "2140"]
[BlackElo "2330"]
[PlyCount "152"]
[EventDate "2023.??.??"]

1. e4 c6 2. Nf3 d5 3. Nc3 dxe4 4. Nxe4 Nf6 5. Qe2 Nxe4 6. Qxe4 Nd7 7. Bc4 Nf6 8. Ne5 e6 9. Qe2 b5 10. Bb3 Qc7 11. O-O Bd6 12. d4 O-O 13. a4 c5 14. c3 cxd4 15. cxd4 bxa4 16. Bxa4 Bb7 17. Bf4 Bd5 18. Rfc1 Qb7 19. Rc3 Rab8 20. b3 Qb4 21. Rd3 Rbc8 22. Rad1 Rc7 23. Rh3 Rfc8 24. Nd3 Qb6 25. Bxd6 Qxd6 26. Nc5 Qf4 27. Re3 Qg4 28. f3 Qh4 29. b4 g6 30. Re5 Ba8 31. Bb3 Nd5 32. Bxd5 Bxd5 33. Re3 h5 34. Ra3 Qe7 35. Rda1 Rb8 36. Qe5 Rb6 37. Na6 Rcb7 38. Nc5 Rc7 39. Na6 Rc2 40. h3 Qh4 41. Kh1 Rxa6 42. Rxa6 Bxf3 43. Rg1 Rxg2 44. Rxg2 Qxh3+ 45. Qh2 Bxg2+ 46. Kg1 Qe3+ 47. Kxg2 Qe2+ 48. Kg1 Qxa6 49. Qb8+ Kh7 50. Qc7 Qa1+ 51. Kg2 Qxd4 52. Qxf7+ Kh6 53. Qf8+ Kg5 54. Qe7+ Kh6 55. Qf8+ Qg7 56. Qf4+ Kh7 57. Qe4 Qd7 58. Qf4 Qd5+ 59. Kh2 e5 60. Qf2 Qd7 61. Qc5 e4 62. b5 Qf7 63. Kg1 Qb7 64. Kh2 Qd7 65. Qe5 Qf5 66. Qe7+ Kh6 67. Qxa7 Qe5+ 68. Kg2 Qxb5 69. Qa8 Qg5+ 70. Kh1 Qf5 71. Qh8+ Kg5 72. Qe8 Kg4 73. Kh2 Kf3 74. Qd8 Qf4+ 75. Kh1 Qc1+ 76. Kh2 Qc2+ 0-1

[Event "OLNN 2223 SV Bad Schwartau - FC St. Paul"]
[Site "?"]
[Date "2023.02.26"]
[Round "6.3"]
[White "Perez De Miguel, Alvaro"]
[Black "Masio, Andreas"]
[Result "0-1"]
[WhiteElo "2297"]
[BlackElo "2010"]
[PlyCount "92"]
[EventDate "2023.??.??"]

1. d4 Nf6 2. c4 g6 3. Nc3 d5 4. Nf3 Bg7 5. cxd5 Nxd5 6. Na4 Nf6 7. e3 O-O 8. Be2 Nbd7 9. O-O b6 10. b4 Bb7 11. Bb2 e6 12. Rc1 Rc8 13. Qb3 Ne4 14. Nc3 Ndf6 15. Nb5 a6 16. Na7 Ra8 17. Nc6 Qd6 18. b5 axb5 19. Bxb5 Ng4 20. Nce5 Nxe5 21. dxe5 Qe7 22. a4 Nc5 23. Qb4 Bxf3 24. gxf3 Qg5+ 25. Kh1 Qh5 26. Qg4 Qxg4 27. fxg4 Nxa4 28. Ba3 Nc5 29. Bxc5 bxc5 30. Rxc5 Ra5 31. Rfc1 Rd8 32. R1c2 Bf8 33. Rxc7 Rxb5 34. Ra7 Rb4 35. h3 Bg7 36. Rcc7 Rf8 37. Ra5 Re4 38. Rcc5 Rb8 39. Kg2 Reb4 40. f4 Bf8 41. Rc6 Be7 42. Kf3 Rb3 43. f5 Bg5 44. f6 Rxe3+ 45. Kf2 Rb2+ 46. Kf1 Rf3+ 0-1

[Event "OLNN 2223 SV Bad Schwartau - FC St. Paul"]
[Site "?"]
[Date "2023.02.26"]
[Round "6.4"]
[White "Toenniges, Thomas"]
[Black "Richter, Maik"]
[Result "0-1"]
[WhiteElo "2045"]
[BlackElo "2170"]
[PlyCount "64"]
[EventDate "2023.??.??"]

1. e4 c6 2. d4 d5 3. e5 c5 4. dxc5 e6 5. a3 Bxc5 6. Bd3 Nc6 7. Nf3 a6 8. b4 Be7 9. O-O f6 10. Bb2 Nh6 11. Qe2 Nf7 12. Nbd2 O-O 13. c4 Ncxe5 14. Nxe5 Nxe5 15. Bxe5 fxe5 16. cxd5 exd5 17. Qxe5 Bf6 18. Qh5 g6 19. Bxg6 hxg6 20. Qxg6+ Bg7 21. Rac1 Bf5 22. Qg3 Rc8 23. Nb3 Rc4 24. Nc5 b6 25. Nd3 Rg4 26. Qf3 Rd4 27. Nf4 Bd3 28. Ne6 Rxf3 29. Nxd8 Bxf1 30. gxf3 Bh3 31. Re1 Rc4 32. Ne6 Bc3 0-1

[Event "OLNN 2223 SV Bad Schwartau - FC St. Paul"]
[Site "?"]
[Date "2023.02.26"]
[Round "6.5"]
[White "Mitscherling, Andreas"]
[Black "Sallandt, Frido"]
[Result "1-0"]
[WhiteElo "2144"]
[BlackElo "1780"]
[PlyCount "107"]
[EventDate "2023.??.??"]

1. d4 Nf6 2. Nf3 d5 3. Bf4 c5 4. e3 Nc6 5. c3 cxd4 6. exd4 Bf5 7. Qb3 Qc8 8. Nbd2 h6 9. Be2 e6 10. O-O Be7 11. a4 O-O 12. h3 Ne4 13. Nxe4 Bxe4 14. a5 a6 15. Qd1 Bd8 16. b4 Bc7 17. Qd2 Qb8 18. Bxc7 Qxc7 19. Rfc1 Qd6 20. Ne1 Ne7 21. Bd3 Bf5 22. Bxf5 Nxf5 23. Nd3 Qc7 24. Nc5 Nd6 25. Re1 Nc4 26. Qd3 Rfe8 27. Re2 Rab8 28. Rae1 Qf4 29. g3 Qd6 30. f4 Qc6 31. h4 Nd6 32. h5 Rbc8 33. Kh2 Ne4 34. Nxe4 dxe4 35. Rxe4 Qxc3 36. Qxc3 Rxc3 37. d5 Rd8 38. dxe6 fxe6 39. Rxe6 Rd2+ 40. Kh3 Rdd3 41. Rg6 Kf7 42. Re5 Rb3 43. Rc5 Rd7 44. Rb6 Re7 45. Rc8 Rd3 46. Kg4 Rd5 47. Rb8 Rb5 48. Rxb5 axb5 49. Kf5 Rd7 50. Rc8 Rd4 51. Rc7+ Kf8 52. Rxb7 Rxb4 53. a6 Ra4 54. a7 1-0

[Event "OLNN 2223 SV Bad Schwartau - FC St. Paul"]
[Site "?"]
[Date "2023.02.26"]
[Round "6.6"]
[White "Schwarz, Oliver"]
[Black "Reuber, Artur"]
[Result "1-0"]
[WhiteElo "2095"]
[BlackElo "2147"]
[PlyCount "101"]
[EventDate "2023.??.??"]

1. d4 f5 2. c4 Nf6 3. Nc3 g6 4. g3 Bg7 5. Bg2 O-O 6. Nf3 c6 7. O-O d6 8. Bf4 Nh5 9. Qd2 Nxf4 10. gxf4 e6 11. Rfd1 Nd7 12. Rac1 d5 13. b3 Nf6 14. Ne5 Ne4 15. Nxe4 fxe4 16. e3 g5 17. f3 exf3 18. Bxf3 gxf4 19. exf4 Qh4 20. Rf1 Rxf4 21. Rcd1 Rf5 22. Kh1 Bxe5 23. dxe5 Qe7 24. Rg1+ Kh8 25. Qg2 Bd7 26. Rd4 Qf8 27. Bd1 Be8 28. Rh4 Bf7 29. Qh3 Bg8 30. Bc2 Re8 31. Bxf5 exf5 32. Rxg8+ Qxg8 33. Qxf5 dxc4 34. bxc4 Qg7 35. e6 Qa1+ 36. Kg2 Rg8+ 37. Rg4 Rxg4+ 38. Qxg4 Qe1 39. Qd4+ Kg8 40. Qd8+ Kg7 41. Qe7+ Kg6 42. Qf7+ Kh6 43. Qf6+ Kh5 44. e7 Qe2+ 45. Kg3 Qe1+ 46. Kf4 Qd2+ 47. Kf5 Qd3+ 48. Ke5 Qc3+ 49. Ke6 Qxc4+ 50. Kd7 Qg4+ 51. Kc7 1-0

[Event "OLNN 2223 SV Bad Schwartau - FC St. Paul"]
[Site "?"]
[Date "2023.02.26"]
[Round "6.7"]
[White "zur Lage, Julian"]
[Black "Mueller, Friedrich"]
[Result "0-1"]
[WhiteElo "2145"]
[BlackElo "1952"]
[PlyCount "148"]
[EventDate "2023.??.??"]

1. d4 Nf6 2. Nf3 d5 3. c4 e6 4. g3 Bb4+ 5. Bd2 Bxd2+ 6. Nbxd2 O-O 7. Bg2 c6 8. Qc2 Nbd7 9. O-O b6 10. e4 Bb7 11. cxd5 cxd5 12. e5 Ne8 13. Rfc1 Rc8 14. Qa4 a6 15. Bf1 Nb8 16. Bd3 Nc7 17. Rc3 Na8 18. Rac1 Qd7 19. Qd1 g6 20. Nf1 Rxc3 21. Rxc3 Rc8 22. Qd2 Rxc3 23. bxc3 Qd8 24. g4 Nd7 25. Ng3 Nc7 26. Qh6 Qf8 27. Qh4 f6 28. exf6 Qxf6 29. Ng5 Nf8 30. Qh6 Qg7 31. Qxg7+ Kxg7 32. f4 Bc6 33. Kf2 Bb5 34. Ke3 h6 35. Nf3 Nd7 36. f5 Bxd3 37. Kxd3 gxf5 38. gxf5 Kf6 39. Nh5+ Kxf5 40. h3 b5 41. Ke3 Ne8 42. Ng3+ Kf6 43. Kf4 Nd6 44. Nd2 Nb6 45. Nb3 Na4 46. Ne2 Ne4 47. Ke3 Naxc3 48. Nxc3 Nxc3 49. Nc5 Nxa2 50. Nxa6 Nc3 51. Nc5 Na4 52. Nd3 Nb6 53. Kf4 Nc4 54. Nb4 Nd6 55. Nc6 Nf5 56. Kg4 b4 57. Nxb4 Nxd4 58. Kh5 Nf5 59. Kg4 Ke5 60. Nd3+ Kd4 61. Nf4 Ng7 62. Kf3 e5 63. Ne2+ Kd3 64. Nc1+ Kd2 65. Nb3+ Kc3 66. Nc5 Nf5 67. Ne4+ Kd4 68. Nf2 e4+ 69. Kf4 Ng7 70. Ng4 Nh5+ 71. Kf5 e3 72. Ne5 Ng3+ 73. Kf4 Ne2+ 74. Kf5 Ng1 0-1

[Event "OLNN 2223 SC Königsspringer HH - SK Joh"]
[Site "?"]
[Date "2023.02.26"]
[Round "6.1"]
[White "Wedberg, Tom"]
[Black "Weber, Max"]
[Result "1/2-1/2"]
[WhiteElo "2390"]
[BlackElo "2278"]
[PlyCount "108"]
[EventDate "2023.??.??"]

1. e4 c5 2. Nf3 e6 3. d4 cxd4 4. Nxd4 Nc6 5. Nc3 Qc7 6. g3 a6 7. Bg2 Nf6 8. O-O Nxd4 9. Qxd4 Bc5 10. Bf4 d6 11. Qd2 h6 12. Rad1 e5 13. Be3 Bb4 14. a3 Bxc3 15. Qxc3 Qxc3 16. bxc3 Be6 17. Rxd6 Nd7 18. f4 Ke7 19. fxe5 Rhc8 20. Bd4 b5 21. Rb1 Nc5 22. Rd5 Na4 23. Rb3 Rc7 24. Bf1 Rac8 25. c4 Bxd5 26. exd5 Rxc4 27. Bxc4 Rxc4 28. c3 f6 29. d6+ Ke6 30. exf6 gxf6 31. d7 Kxd7 32. Bxf6 Ke6 33. Bg7 h5 34. Kg2 Rc7 35. Bd4 Kd5 36. Kh3 Kc4 37. Rb1 Kd3 38. Kh4 Nxc3 39. Bxc3 Rxc3 40. Rf1 Rc5 41. h3 a5 42. g4 hxg4 43. hxg4 b4 44. axb4 axb4 45. g5 b3 46. g6 b2 47. g7 Rc8 48. Kh5 Rg8 49. Kg6 Kc2 50. Rf2+ Kb3 51. Rf3+ Ka2 52. Rf2 Ka1 53. Rxb2 Rxg7+ 54. Kxg7 Kxb2 1/2-1/2

[Event "OLNN 2223 SC Königsspringer HH - SK Joh"]
[Site "?"]
[Date "2023.02.26"]
[Round "6.2"]
[White "Schmidt, Jan-Peter"]
[Black "Zart, Ruediger"]
[Result "1-0"]
[WhiteElo "2261"]
[BlackElo "2134"]
[PlyCount "91"]
[EventDate "2023.??.??"]

1. Nf3 c5 2. c4 Nc6 3. e3 Nf6 4. Nc3 g6 5. d4 cxd4 6. exd4 d5 7. cxd5 Nxd5 8. Qb3 Nxc3 9. Bc4 Nd5 10. Bxd5 e6 11. Bxc6+ bxc6 12. O-O Qd5 13. Bf4 f6 14. Rfc1 Be7 15. h4 Bd7 16. Qe3 Rc8 17. b3 Kf7 18. Rd1 Rhd8 19. Rac1 Qf5 20. Bg3 c5 21. dxc5 Bxc5 22. Ne5+ Qxe5 23. Bxe5 Bxe3 24. Rxc8 Rxc8 25. Rxd7+ Ke8 26. Rxh7 Rc1+ 27. Kh2 Bxf2 28. Bxf6 Re1 29. g4 Re2 30. Kh3 Rxa2 31. h5 gxh5 32. g5 Ra3 33. g6 Rxb3+ 34. Kh2 Rg3 35. Rh8+ Kd7 36. g7 Kc6 37. g8=Q Rxg8 38. Rxg8 Kd5 39. Rh8 e5 40. Kg2 Bd4 41. Kf1 Kc4 42. Ke2 a5 43. Rxh5 a4 44. Bxe5 Bxe5 45. Rxe5 a3 46. Kd2 1-0